| 000 | 00604nam a2200229 a 4500 | ||
|---|---|---|---|
| 001 | nice12345678 | ||
| 003 | IN_TiNIC | ||
| 005 | 20260116014909.0 | ||
| 008 | 140722s2007 newa grp 000 0 eng | ||
| 020 |
_a9780307406217 _c350 |
||
| 082 | 0 | 0 |
_a291.4 _bOSH4 |
| 100 | _aOsho, | ||
| 245 |
_aEmotional Wellness _b Transforming Fear, Anger, and Jealousy into Creative Energy |
||
| 260 |
_aNew York, USA _bHarmony Books _c2007 |
||
| 300 | _a293p | ||
| 500 | _aincludes index and biblioraphy | ||
| 650 | _aSpirituality | ||
| 700 | 1 | _aOsho, | |
| 902 | _bSRS | ||
| 942 | _cBK | ||
| 999 |
_c17460 _d17460 |
||